000
00288nam a22001217a 4500
008
181023b xxu||||| |||| 00| 0 eng d
041
_a
eng
080
_2
3 ED
_a
611
100
_a
6
101
_a
ANA
245
_a
The Selectinal Anatomy Learning System
_c
Edith.J.A
942
_2
udc
_c
BK
999
_c
50602
_d
50602